[Event "British Rapidplay 2013"]
[Site "Leeds ENG"]
[Date "2013.11.23"]
[Round "2.5"]
[White "Bates,Ri"]
[Black "Batchelor,Peter J"]
[Result "0-1"]
[WhiteElo "2336"]
[BlackElo "2129"]

1.d4 d5 2.c4 e6 3.Nf3 Nf6 4.g3 Be7 5.Bg2 O-O 6.O-O dxc4 7.Qc2 a6 8.Qxc4 b5
9.Qc2 Bb7 10.Bd2 Be4 11.Qc1 Qc8 12.Bg5 c5 13.Nbd2 Bd5 14.e4 Bb7 15.e5 Nd5
16.Bxe7 Nxe7 17.dxc5 a5 18.a4 Nd7 19.axb5 Qxc5 20.Qxc5 Nxc5 21.Nc4 a4 22.Nd6 Bd5
23.Nd4 Bxg2 24.Kxg2 Nd5 25.Rfd1 Rfb8 26.Rac1 Nd7 27.Nc6 Rb6 28.Rxd5 exd5
29.Ne7+ Kf8 30.Nxd5 Rbb8 31.f4 Nb6 32.Nc7 Ra7 33.Rc6 Nd7 34.Nd5 g5 35.b6 Ra5
36.Ne3 gxf4 37.gxf4 Nxb6 38.Rc7 Nd5 39.Rxf7+ Kg8 40.Ng4 a3 41.bxa3 Rxa3 42.Rb7 Rxb7
43.Nxb7 Nxf4+ 44.Kf2 Kf7 45.Ne3 Nd3+ 46.Kf3 Nxe5+ 47.Ke4 Ng6 48.Nd6+ Ke6
49.Ndf5 Ra4+ 50.Nd4+ Kf6 51.Ng4+ Kg5 52.Nf2 h5 53.Ke3 Ne5 54.Ne4+ Kg6 55.h3 Ra3+
56.Ke2 Rxh3 57.Nf2 Ra3 58.Ne6 h4 59.Nf4+ Kg5 60.N4h3+ Kf5 61.Ng1 Ra2+ 62.Kf1 Ng4
63.Nfh3 Ne3+ 64.Ke1 Ra1+ 65.Kf2 Ng4+ 66.Kg2 Ra2+ 67.Kf1 Ke4 68.Ne2 Ke3 69.Nhg1 Nh2+
70.Kg2 Nf3 71.Kh3 Nxg1+ 72.Nxg1 Ra1 73.Kg2 Kf4 74.Nh3+ Kg4 75.Nf2+ Kf5 76.Nh3 Ra3
77.Nf2 Rg3+ 78.Kh2 Rf3 79.Nh3 Kg4 80.Ng1 Rf2+ 81.Kh1 h3 82.Nf3 Kxf3  0-1

[Event "TCh-CZE Zapad 2013-14"]
[Site "Prague CZE"]
[Date "2013.11.24"]
[Round "3.2"]
[White "Pribyl,Jo"]
[Black "Vlasak,Lu"]
[Result "1/2-1/2"]
[WhiteElo "2313"]
[BlackElo "2336"]

1.Nf3 d5 2.d4 Nf6 3.g3 e6 4.Bg2 Be7 5.c4 O-O 6.O-O b6 7.Nc3 Bb7 8.Ne5 c5
9.Bg5 h6 10.Bf4 Na6 11.Rc1 Nc7 12.Qd2 Rc8 13.Rfd1 Ba8 14.dxc5 bxc5 15.Qc2 Qe8
16.cxd5 Ncxd5 17.Nxd5 exd5 18.Bh3 Rd8 19.Nd3 c4 20.Ne1 Bc6 21.Be3 Rb8 22.b3 Ba3
23.Rb1 d4 24.Bxd4 Be4 25.Qxc4 Bxb1 26.Bxf6 Qe4 27.Qxe4 Bxe4 28.Bd4 Rfd8 29.Bg2 Bxg2
30.Kxg2 Rbc8 31.e3 Bb2 32.Nf3 Rc2 33.a4 a6 34.Rb1 Bxd4 35.Nxd4 Rc3 36.h4 Kf8
37.Kf1 g6 38.Ke2 Ke7 39.Kd2 Rc7 40.g4 Kd6 41.Rh1 Ke5 42.h5 g5 43.Rb1 Rd6
44.Kd3 Rb7 45.b4 Rdb6 46.b5 axb5 47.axb5 Kd5 48.Rc1 Ra7 49.Rc2 Ra3+ 50.Ke2 Ra7
51.Kf3 Rf6+ 52.Kg3 Rb7 53.Rc8 Ke4 54.Rc5 Ra7 55.Nf5 Ra1 56.Rc6 Rxc6 57.bxc6 Rg1+
58.Kh3 Rc1 59.Nxh6 Kf3 60.Kh2 Kxf2 61.Nxf7 Rg1 62.Nxg5 Rxg4  1/2-1/2

[Event "ch-VIE 2013"]
[Site "Ho Chi Minh City VIE"]
[Date "2013.11.25"]
[Round "9.4"]
[White "Pham Chuong"]
[Black "Doan Van Duc"]
[Result "1-0"]
[WhiteElo "2344"]
[BlackElo "2107"]

1.d4 Nf6 2.c4 e6 3.g3 d5 4.Bg2 Be7 5.Nf3 O-O 6.O-O dxc4 7.Qc2 a6 8.a4 Bd7
9.Ne5 Bc6 10.Nxc6 Nxc6 11.e3 Na5 12.Nd2 c6 13.Nxc4 Nxc4 14.Qxc4 Qb6 15.Rd1 a5
16.e4 Rfe8 17.h3 Bf8 18.Be3 Qb4 19.Qc2 g6 20.Rd3 h6 21.Rb3 Qe7 22.Rd1 Red8
23.Qc3 Bg7 24.Qc4 Rd7 25.Rbd3 Kh7 26.Bd2 Ne8 27.Be1 Nc7 28.Rb3 Ne8 29.Rbd3 Nc7
30.Kf1 Kg8 31.Rb3 Ne8 32.Bf3 Qf6 33.d5 Nd6 34.Qe2 cxd5 35.exd5 e5 36.Bc3 Nf5
37.Kg2 Nd4 38.Bxd4 exd4 39.Rb5 h5 40.Rxa5 Rc8 41.h4 d3 42.Qxd3 Qxb2 43.d6 Rcd8
44.Rd5 Bf8 45.Rb5 Qa2 46.Bd5 Rxd6 47.Qf3 Rxd5 48.Rdxd5 Rxd5 49.Qxd5 Qxa4
50.Rxb7 Qe8 51.Ra7 Kg7 52.Ra8 Qe7 53.Qc6 Qd6 54.Qxd6 Bxd6 55.Ra5 Bc7 56.Rb5 Bd6
57.Kf3 Be7 58.Ke4 Bf6 59.Rb3 Kg8 60.Kd5 Kg7 61.Ra3 Be7 62.Ra4 Bf6 63.Kd6 Bd8
64.Rb4 Ba5 65.Rb1 Bc3 66.Ke7 Bd4 67.Rf1 Bc5+ 68.Ke8 f6 69.f4 g5 70.f5 Bd4
71.hxg5 fxg5 72.Ke7 Bf6+ 73.Ke6 g4 74.Rh1 h4 75.gxh4 g3 76.Rh3  1-0

[Event "ch-IRI 2013"]
[Site "Tabriz IRI"]
[Date "2013.11.27"]
[Round "1.11"]
[White "Darban,M"]
[Black "Khodashenas,M"]
[Result "1/2-1/2"]
[WhiteElo "2371"]
[BlackElo "2182"]

1.Nf3 Nf6 2.g3 d5 3.c4 e6 4.Bg2 Be7 5.d4 O-O 6.O-O dxc4 7.Ne5 Nc6 8.Nxc6 bxc6
9.Na3 Bxa3 10.bxa3 Ba6 11.a4 Qe7 12.Bb2 Qb4 13.Qc2 Nd5 14.Rfc1 Rab8 15.Bc3 Nxc3
16.Qxc3 Qxa4 17.e3 Rb4 18.Qc2 Qb5 19.Rab1 c5 20.d5 Rb8 21.Rxb4 cxb4 22.dxe6 fxe6
23.Bf1 Qc6 24.Bxc4 Bb7 25.e4 Rd8 26.Kf1 Rd4 27.Bb3 Qa6+ 28.Qe2 Rxe4 29.Qxa6 Bxa6+
30.Kg2 Bb5 31.Rxc7 a6 32.Re7 Bc6 33.Kf1 Bb5+ 34.Kg2 Bc6 35.Kf1 Bb5+  1/2-1/2

[Event "ch-IRI 2013"]
[Site "Tabriz IRI"]
[Date "2013.11.28"]
[Round "3.5"]
[White "Alavi,S"]
[Black "Khodashenas,M"]
[Result "1-0"]
[WhiteElo "2455"]
[BlackElo "2182"]

1.Nf3 Nf6 2.c4 e6 3.g3 d5 4.d4 Be7 5.Bg2 O-O 6.O-O dxc4 7.Qc2 Nc6 8.Qxc4 Qd5
9.Nbd2 Rd8 10.e3 Qxc4 11.Nxc4 Nd5 12.b3 b5 13.Nce5 Nxe5 14.Nxe5 Bb7 15.Nd3 Rdc8
16.Bd2 c5 17.dxc5 Bxc5 18.Nxc5 Rxc5 19.Rfc1 Rac8 20.Kf1 Kf8 21.Ke1 Ke8 22.Rxc5 Rxc5
23.Rc1 Rxc1+ 24.Bxc1 Kd7 25.Bb2 g6 26.Kd2 Bc6 27.e4 Ne7 28.Ke3 Nf5+ 29.Kf4 Nd6
30.f3 f5 31.exf5 exf5 32.Ke5 Ne8 33.Bf1 a6 34.Be2 Nc7 35.g4 fxg4 36.fxg4 Nd5
37.g5 Ne3 38.Bd4 Nf5 39.Bb6 Ke7 40.Bc5+ Kf7 41.b4 Ke8 42.Bd1 Nh4 43.Kd6 Be4
44.Bg4 Bf5 45.Be2 Kd8 46.Bf2 Ng2 47.Bf3 Nf4 48.Bb7 Nd3 49.Bb6+ Ke8 50.Bxa6 Bd7
51.a4 Nb2 52.a5 Nd3 53.Bc5  1-0

[Event "XXVII Belgrade Trophy"]
[Site "Obrenovac SRB"]
[Date "2013.11.29"]
[Round "6.36"]
[White "Tasic,Z"]
[Black "Zarkovic,Milos"]
[Result "1-0"]
[WhiteElo "2158"]
[BlackElo "1748"]

1.d4 d5 2.Nf3 e6 3.c4 Nf6 4.g3 Be7 5.Bg2 O-O 6.Qc2 a6 7.Bf4 dxc4 8.Qxc4 Nd5
9.Nc3 Nxf4 10.gxf4 b5 11.Qd3 Ra7 12.Ne4 Bb4+ 13.Kf1 h6 14.Rc1 Nd7 15.h4 Nf6
16.Ne5 Bb7 17.Nxf6+ Qxf6 18.Bxb7 Rxb7 19.Qe4 Ra7 20.Nc6 Bd2 21.Rc2 Qxf4 22.Qxf4  1-0

[Event "ch-IRI 2013"]
[Site "Tabriz IRI"]
[Date "2013.11.29"]
[Round "4.3"]
[White "Alavi,S"]
[Black "Mousavi,Se"]
[Result "1-0"]
[WhiteElo "2455"]
[BlackElo "2238"]

1.Nf3 Nf6 2.c4 e6 3.g3 d5 4.d4 Be7 5.Bg2 O-O 6.O-O dxc4 7.Qc2 a6 8.a4 Nc6
9.Qxc4 Qd5 10.Nbd2 Rd8 11.e3 Qxc4 12.Nxc4 Rb8 13.b3 Bb4 14.Bb2 Ne7 15.Nfe5 Ned5
16.Rfc1 Bf8 17.Nd3 Nb4 18.Nce5 Nxd3 19.Nxd3 Ne8 20.Ba3 Bxa3 21.Rxa3 f6 22.b4 Kf7
23.f4 Ke7 24.b5 a5 25.Nc5 Rd6 26.Rac3 Rd8 27.Bf3 Rd6 28.Rb1 Kf8 29.Ne4 Rb6
30.Nd2 Rd6 31.Nc4 Rd8 32.Nxa5 Ra8 33.Nxb7 Bxb7 34.Bxb7 Rxa4 35.Bc6 Ra7 36.Rcc1 Rb8
37.Ra1 Rxa1 38.Rxa1 Nd6 39.Kf2 Ke7 40.Rc1 Nc8 41.Be4 Kd8 42.Rc5 Nd6 43.Bc6 Nc8
44.e4 Na7 45.f5 Nxc6 46.bxc6 Rb2+ 47.Kf3 exf5 48.Rxf5 Rxh2 49.Rd5+ Kc8 50.Rd7 g6
51.Rf7 Kd8 52.Rd7+ Kc8 53.Rf7 Kd8 54.Rxf6 Ke7 55.e5 Rd2 56.Ke4 Re2+ 57.Kd5 Re3
58.Rf2 Ra3 59.g4 Ra5+ 60.Ke4 Ra6 61.Rf6 Ra1 62.g5 Rh1 63.Kd5 Ra1 64.Rf2 Ra5+
65.Ke4 Rb5 66.Ra2 Rb6 67.Kd5 Rb5+ 68.Kc4 Rb6 69.Kc5  1-0

[Event "ch-IRI 2013"]
[Site "Tabriz IRI"]
[Date "2013.11.29"]
[Round "4.10"]
[White "Nasri,A"]
[Black "Moghaddamian,A"]
[Result "1-0"]
[WhiteElo "2320"]
[BlackElo "2152"]

1.d4 d5 2.c4 e6 3.Nf3 Nf6 4.g3 Be7 5.Bg2 O-O 6.O-O Nbd7 7.Qc2 c6 8.b3 a5
9.Nbd2 a4 10.Bb2 Qa5 11.c5 b5 12.b4 Qc7 13.a3 Re8 14.Qc3 Bf8 15.Ne5 g6 16.h3 Bg7
17.Nd3 e5 18.dxe5 Ne4 19.Nxe4 dxe4 20.Bxe4 Nxe5 21.Nf4 Re7 22.Qc2 Bh6 23.Qc3 Bb7
24.Bg2 Bg7 25.Qc2 Rae8 26.e3 Nc4 27.Bxg7 Kxg7 28.Qc3+ Kg8 29.Rad1 Rd8 30.Ne2 Rde8
31.Rd3 Ne5 32.Rd4 Bc8 33.f4 Nc4 34.e4 Bf5 35.e5 f6 36.g4 Bd7 37.Re4 fxe5
38.f5 Rf8 39.Ng3 Ref7 40.fxg6 hxg6 41.Ree1 Be6 42.Rxf7 Rxf7 43.Qd3 Kg7 44.Ne4 Rd7
45.Qg3 Qd8 46.Nd6 Nxd6 47.Qxe5+ Qf6 48.Qxe6 Qxe6 49.Rxe6 Nc4 50.Bxc6 Rd8
51.Kf2 Nxa3 52.Be4 Kf7 53.Rb6 g5 54.c6 Rd2+ 55.Kg3 Nc4 56.Rb7+ Kf6 57.c7 Ne3
58.Bc6 Ke5 59.Rxb5+ Kd4  1-0

[Event "9th Ugra Governor's Cup B"]
[Site "Khanty-Mansiysk RUS"]
[Date "2013.11.30"]
[Round "3"]
[White "Chekletsov,Ilya"]
[Black "Voskresenskaya,Marta"]
[Result "1-0"]
[WhiteElo "2053"]
[BlackElo "1773"]

1.d4 Nf6 2.c4 e6 3.Nf3 d5 4.g3 Be7 5.Bg2 O-O 6.O-O dxc4 7.Qc2 a6 8.Qxc4 b5
9.Qc2 Bb7 10.Bd2 Be4 11.Qc1 c6 12.Be3 Nd5 13.Nc3 Bg6 14.Ne5 Qd6 15.Nxg6 hxg6
16.Ne4 Qd8 17.Rd1 Ra7 18.Bd2 Qc7 19.Nc5 e5 20.e4 Nf6 21.dxe5 Qxe5 22.Be3 Ra8
23.Qc2 Qh5 24.h3 a5 25.f4 Rc8 26.g4 Qh7 27.a4 Bf8 28.Rac1 Bxc5 29.Qxc5 Na6
30.Qb6 Nb4 31.axb5 Rcb8 32.Qc7 Rc8 33.Qd6 Ne8 34.Qc5 Nc7 35.bxc6 Ne6 36.Qd6 Rd8
37.Qe7 Re8 38.Qb7 Reb8 39.c7 Rxb7 40.c8=Q+ Rxc8 41.Rxc8+ Nf8 42.Rdd8 Qh4
43.Rxf8+ Kh7 44.Rh8+  1-0

[Event "Cultural Village 2013"]
[Site "Wijk aan Zee NED"]
[Date "2013.12.01"]
[Round "8.2"]
[White "Duijker,R"]
[Black "Lai,Hing Ting"]
[Result "1-0"]
[WhiteElo "2251"]
[BlackElo "2169"]

1.d4 e6 2.c4 Nf6 3.g3 d5 4.Nf3 Be7 5.Bg2 O-O 6.O-O dxc4 7.a4 c5 8.Na3 cxd4
9.Qxd4 Qxd4 10.Nxd4 e5 11.Ndb5 Nc6 12.Nc7 Rb8 13.Nxc4 Nd4 14.Be3 Bg4 15.Nxe5 Nc2
16.Nxg4 Nxg4 17.Bxa7 Nxa1 18.Bxb8 Rxb8 19.Rxa1 Bf6 20.h3 Nh6 21.Nd5 Bxb2
22.Rb1 Ba3 23.a5 Bd6 24.Ne3 Bc7 25.Nc4 Nf5 26.Bxb7 Bxa5 27.Nxa5 Nd6 28.Rb6 Rd8
29.Nc6 Rd7 30.Ba6 g6 31.Rb8+ Kg7 32.Rd8 Rxd8 33.Nxd8 Kf6 34.Bd3 Ke7 35.Nc6+ Kd7
36.Ne5+ Ke6 37.Nc4 Ne8 38.Kg2 Ng7 39.Nd2 Ke7 40.h4 Ne6 41.Nf3 Nc5 42.Bc2 Na6
43.Ng5 Nb4 44.Bb1 h6 45.Ne4  1-0

[Event "IV JAHV McGregor 2013"]
[Site "Bogota COL"]
[Date "2013.12.05"]
[Round "2.64"]
[White "Lopez Idarraga,D"]
[Black "Rubio Melo,H"]
[Result "1-0"]
[WhiteElo "2084"]
[BlackElo "1795"]

1.d4 d5 2.c4 e6 3.Nf3 Nf6 4.g3 Be7 5.Bg2 O-O 6.O-O dxc4 7.Qc2 a6 8.Qxc4 b5
9.Qc2 Bb7 10.Bd2 Nbd7 11.Ba5 Nb6 12.Nbd2 Rc8 13.b4 Nfd5 14.a3 Qd7 15.Ne5 Qd8
16.Nc6 Qd7 17.Rac1 Bxc6 18.Qxc6 Qxc6 19.Rxc6 Rfd8 20.Rfc1 h6 21.e4 Nxb4 22.axb4 Rxd4
23.Nf3 Rc4 24.Bxb6 Rxc1+ 25.Rxc1 Bxb4 26.Rxc7 Rxc7 27.Bxc7 Kf8 28.e5 Bc3
29.Bf1 b4 30.Bxa6 b3 31.Bc4 b2 32.Ba2 Ke7 33.Kf1 Kd7 34.Bb6 f6 35.Ke2 fxe5
36.Kd3 Bd4 37.Nxd4 exd4 38.Bxd4 g5 39.Bxb2 h5 40.h4 gxh4 41.gxh4 Ke7 42.Ke4 Kd6
43.Kf4 Ke7 44.Kg5  1-0

[Event "IV JAHV McGregor 2013"]
[Site "Bogota COL"]
[Date "2013.12.05"]
[Round "3.18"]
[White "Oliva,K"]
[Black "Dominguez,Mi"]
[Result "1-0"]
[WhiteElo "2427"]
[BlackElo "2047"]

1.Nf3 Nf6 2.c4 e6 3.g3 d5 4.d4 Be7 5.Bg2 O-O 6.O-O Nbd7 7.Nbd2 b6 8.cxd5 exd5
9.b3 Bb7 10.Bb2 c5 11.Rc1 Rc8 12.e3 Re8 13.Qe2 Bd6 14.Rfd1 Qe7 15.Nh4 Qe6
16.Qf1 g6 17.Nhf3 Bf8 18.Bh3 Qd6 19.Ne5 Rcd8 20.Ndf3 Qb8 21.Ng5 Nxe5 22.dxe5 Ne4
23.Nxe4 dxe4 24.e6 fxe6 25.Qc4 Bd5 26.Qc3 e5 27.Rxd5 Rxd5 28.Qc4 Qd6 29.Rd1 Rd8
30.Rxd5 Qxd5 31.Be6+  1-0

[Event "9th Ugra Governor's Cup B"]
[Site "Khanty-Mansiysk RUS"]
[Date "2013.12.06"]
[Round "9"]
[White "Pozdeev,V"]
[Black "Ivanets,V RUS"]
[Result "1-0"]
[WhiteElo "2263"]
[BlackElo "2146"]

1.d4 Nf6 2.c4 e6 3.g3 Be7 4.Bg2 d5 5.Nf3 c5 6.cxd5 exd5 7.dxc5 Bxc5 8.O-O O-O
9.Bg5 Be6 10.Nd4 h6 11.Bf4 Bxd4 12.Qxd4 Nc6 13.Qc5 Re8 14.Nc3 Qe7 15.Bd6 Qd7  1-0

[Event "19th Navalmoral Open"]
[Site "Navalmoral ESP"]
[Date "2013.12.06"]
[Round "3.6"]
[White "Ivanov,Bor BUL"]
[Black "Campora,D"]
[Result "1-0"]
[WhiteElo "2318"]
[BlackElo "2474"]

1.d4 Nf6 2.c4 e6 3.g3 d5 4.Nf3 Be7 5.Bg2 O-O 6.O-O b6 7.Ne5 Bb7 8.Nc3 Na6
9.Bf4 c5 10.Rc1 Ne4 11.cxd5 exd5 12.Be3 Qe8 13.Nf3 Rd8 14.Bf4 h6 15.a3 g5
16.Be3 f5 17.dxc5 bxc5 18.Qb3 Ba8 19.Ne5 Kh7 20.Nxe4 fxe4 21.f3 Bd6 22.Ng4 Qe6
23.Nf2 exf3 24.exf3 c4 25.Qc2+ Qg6 26.Bxa7 Nc5 27.Rfe1 Rde8 28.Qc3 Nb3 29.Rcd1 Rxe1+
30.Rxe1 Re8 31.Rxe8 Qxe8 32.Ng4 Qe7 33.Bf2 Bc5 34.Ne5  1-0

[Event "IV JAHV McGregor 2013"]
[Site "Bogota COL"]
[Date "2013.12.08"]
[Round "9.13"]
[White "Oliva,K"]
[Black "Rojas Barrero,A"]
[Result "1-0"]
[WhiteElo "2427"]
[BlackElo "2183"]

1.Nf3 Nf6 2.c4 e6 3.g3 d5 4.d4 Be7 5.Bg2 O-O 6.O-O c6 7.Qc2 Nbd7 8.Nbd2 Re8
9.b3 b6 10.e4 dxe4 11.Nxe4 Nxe4 12.Qxe4 Bb7 13.Rd1 Rc8 14.Bb2 Qc7 15.Qc2 Bf6
16.Rac1 c5 17.d5 exd5 18.cxd5 Qd6 19.Nd2 Bxb2 20.Qxb2 Qh6 21.Nc4 Rcd8 22.b4 cxb4
23.Qxb4 Re2 24.Nd6 Ba8 25.Qc4 Rb2 26.Qc7 Qf6 27.Ne4 Qe7 28.Qxa7 f5 29.d6 Qe5
30.Ng5 Bxg2 31.Qxd7 Qf6 32.Qe6+ Qxe6 33.Nxe6  1-0

[Event "TCh-AUT 1st Bundesliga 2013-14"]
[Site "Jenbach AUT"]
[Date "2013.12.08"]
[Round "3.4"]
[White "Schneider,Il"]
[Black "Boensch,U"]
[Result "1/2-1/2"]
[WhiteElo "2511"]
[BlackElo "2524"]

1.d4 d5 2.c4 e6 3.Nf3 Nf6 4.g3 Be7 5.Bg2 O-O 6.O-O dxc4 7.Qc2 a6 8.a4 Bd7
9.Rd1 Bc6 10.Nc3 Bxf3 11.Bxf3 Nc6 12.Bxc6 bxc6 13.Bg5 Rb8 14.Rac1 c5 15.dxc5 Qe8
16.Rd4 Rb4 17.c6 Qxc6 18.Rh4 Rfb8 19.Ne4 Nxe4 20.Bxe7 f5 21.Bxb4 Rxb4 22.b3 Qb6
23.Rxe4 fxe4 24.bxc4 e3 25.f3 Rb2 26.Qd3 Rd2 27.c5 Qb2 28.Rb1 Rxd3 29.Rxb2 Rc3
30.f4 Rxc5 31.Kg2 e5 32.Kf3  1/2-1/2

[Event "TCh-AUT 1st Bundesliga 2013-14"]
[Site "Jenbach AUT"]
[Date "2013.12.08"]
[Round "3.3"]
[White "Bezold,M"]
[Black "Sadilek,P"]
[Result "1/2-1/2"]
[WhiteElo "2523"]
[BlackElo "2277"]

1.c4 Nf6 2.g3 e6 3.Bg2 d5 4.Nf3 Be7 5.d4 O-O 6.Qc2 c6 7.O-O b6 8.Rd1 Bb7
9.b3 Nbd7 10.Nc3 Rc8 11.e4 dxe4 12.Nxe4 c5 13.Nxf6+ Bxf6 14.Bb2 Bxf3 15.Bxf3 Bxd4
16.Bxd4 cxd4 17.Rxd4 Qe7 18.Rad1 Nf6 19.Qd2 Rfe8 20.Bg2 h6 21.h3 Qa3 22.Kh2 Qe7
23.Qd3 Qa3 24.Rd2 Qc1 25.Qe3 Qa3 26.Qe5 Qc1 27.Bb7 Rc5 28.Qe3 Rc7 29.Bg2 Rcc8
30.f4 Qa3 31.g4 Qc5 32.Qe5 Kf8 33.Bf3 Kg8 34.h4 Qc7 35.Kg3 Kf8 36.b4 Qxe5
37.fxe5 Ng8 38.b5 Ne7 39.h5 Rc5 40.Rd7 Rxc4 41.Rxa7 Rc3 42.Rdd7 f5 43.Kf2 Rc2+
44.Kg3 Rc3 45.Kf2 Rc2+ 46.Kg3 Rc3  1/2-1/2

[Event "34th El Corte Ingles"]
[Site "Las Palmas ESP"]
[Date "2013.12.08"]
[Round "9.5"]
[White "Barlov,D"]
[Black "Sanchez Quintero,R"]
[Result "1-0"]
[WhiteElo "2436"]
[BlackElo "2108"]

1.Nf3 d5 2.d4 Nf6 3.c4 e6 4.g3 Be7 5.Bg2 O-O 6.O-O dxc4 7.Qa4 Bd7 8.Qxc4 Bc6
9.Nc3 Nbd7 10.Rd1 a6 11.e3 Bd6 12.Qe2 Ne4 13.Bd2 f6 14.Qd3 Nxc3 15.Bxc3 Qe8
16.e4 e5 17.Qc2 Nb6 18.dxe5 fxe5 19.Rxd6 cxd6 20.Qb3+ Qf7 21.Qxb6 Bxe4 22.Ng5  1-0

[Event "5th Classic Open 2013"]
[Site "London ENG"]
[Date "2013.12.08"]
[Round "2.68"]
[White "Seymour,T"]
[Black "Rumsey,Victor B"]
[Result "1-0"]
[WhiteElo "2094"]
[BlackElo "1861"]

1.d4 Nf6 2.c4 e6 3.g3 d5 4.Bg2 Be7 5.Nf3 O-O 6.O-O dxc4 7.Ne5 Nc6 8.Bxc6 bxc6
9.Nxc6 Qe8 10.Nxe7+ Qxe7 11.Qa4 e5 12.dxe5 Qxe5 13.Qxc4 Be6 14.Qd3 Rab8 15.Nc3 h6
16.f3 Rfd8 17.Qe3 Qxe3+ 18.Bxe3 Rxb2 19.Bxa7 Rdd2 20.Be3 Rdc2 21.Rfc1 Rxc1+
22.Rxc1 Bxa2 23.Nxa2 Rxa2 24.Kf2 Nd5 25.Bd4 Rd2 26.Be5 f6 27.Bxc7 Nxc7 28.Rxc7 Rd5
29.h4 h5 30.g4 g6 31.gxh5 Rxh5 32.Kg3 g5 33.hxg5 Rxg5+ 34.Kf4 Ra5 35.e4 Kf8
36.Rd7 Ke8 37.Rd5 Ra3 38.Kg4 Ke7 39.Rb5 Ra1 40.Kf5 Ra6 41.Rb7+ Ke8 42.f4 Rc6
43.Ra7 Rb6 44.Kg6 Rb4 45.Kxf6 Rxe4 46.f5 Re1 47.Ra8+ Kd7 48.Kg6 Rg1+ 49.Kf7 Rf1
50.f6 Rg1 51.Ra7+ Kd8 52.Ra2 Rd1 53.Re2 Rd3 54.Kg7 Rg3+ 55.Kf8 Rd3 56.f7 Rd1
57.Rg2  1-0

[Event "TCh-SVK Ext 2013-14"]
[Site "Slovakia SVK"]
[Date "2013.12.08"]
[Round "4.2"]
[White "Ftacnik,L"]
[Black "Nemeth,Mi1"]
[Result "1/2-1/2"]
[WhiteElo "2545"]
[BlackElo "2478"]

1.d4 Nf6 2.c4 e6 3.g3 d5 4.Bg2 Be7 5.Nf3 O-O 6.O-O dxc4 7.Qa4 a6 8.Qxc4 b5
9.Qc2 Bb7 10.Bd2 Be4 11.Qc1 c5 12.dxc5 Nbd7 13.b4 a5 14.Nc3 axb4 15.Nxe4 Nxe4
16.Nd4 Ndxc5 17.Nc6 Qxd2 18.Nxe7+ Kh8 19.Qxd2 Nxd2 20.Bxa8 Nxf1 21.Bc6 Nd2
22.Bxb5 Rb8 23.Rd1 Rxb5 24.Rxd2 g6 25.Nc6 b3 26.axb3  1/2-1/2

[Event "TCh-SVK Ext 2013-14"]
[Site "Slovakia SVK"]
[Date "2013.12.08"]
[Round "4.1"]
[White "Karas,Marek"]
[Black "Hacik,R"]
[Result "1/2-1/2"]
[WhiteElo "2037"]
[BlackElo "2200"]

1.Nf3 d5 2.d4 Nf6 3.c4 e6 4.g3 Be7 5.Bg2 O-O 6.O-O c6 7.b3 Nbd7 8.Nc3 Re8
9.Qc2 b6 10.e4 Nxe4 11.Nxe4 dxe4 12.Qxe4 Bb7 13.Rd1 Rc8 14.Bb2 Qc7 15.Ne5 Nxe5
16.dxe5 Ba8 17.Rd3 c5 18.Qe2 Bxg2 19.Kxg2 Red8 20.Rad1 Rxd3 21.Rxd3 Rd8 22.Qd2 Qc6+
23.f3 Rxd3 24.Qxd3 g6 25.Kf2  1/2-1/2

[Event "FSIM December 2013"]
[Site "Budapest HUN"]
[Date "2013.12.10"]
[Round "4.4"]
[White "Li Bo"]
[Black "Golubov,Saveliy"]
[Result "1-0"]
[WhiteElo "2373"]
[BlackElo "2305"]

1.d4 Nf6 2.c4 e6 3.g3 d5 4.Bg2 Be7 5.Nf3 O-O 6.O-O dxc4 7.Ne5 Nc6 8.Nxc6 bxc6
9.Bxc6 Rb8 10.Nc3 Bb7 11.Bxb7 Rxb7 12.e4 c5 13.d5 Rd7 14.Qe2 exd5 15.exd5 Nxd5
16.Qxc4 Nb6 17.Qe4 Bf6 18.Be3 Re8 19.Qg4 Bd4 20.Rad1 Nc4 21.Bg5 Ne5 22.Bxd8 Nxg4
23.Bg5 f6 24.Bf4 Rb7 25.Bc1 Bxc3 26.bxc3 Re2 27.h3 Ne5 28.Bf4 Rxa2 29.Bxe5 fxe5
30.Rd5 Rc7 31.Rxe5 Ra3 32.c4 Ra4 33.Rc1 Kf7 34.Rc3 Ra6 35.Kg2 Re6 36.Rf5+ Ke7
37.Kf3 Rd6 38.Re3+ Kd7 39.Rf7+ Kc6 40.Rxc7+ Kxc7 41.Re7+ Rd7 42.Rxd7+ Kxd7
43.Ke4 g5 44.Kd5 h5 45.f3 a5 46.Kxc5  1-0

[Event "5th Classic Open 2013"]
[Site "London ENG"]
[Date "2013.12.11"]
[Round "5.58"]
[White "Berry,N"]
[Black "James,Angus S"]
[Result "1-0"]
[WhiteElo "2242"]
[BlackElo "1941"]

1.d4 Nf6 2.c4 e6 3.Nf3 d5 4.g3 Be7 5.Bg2 O-O 6.O-O c6 7.Qc2 b6 8.Nbd2 Bb7
9.e4 Nbd7 10.e5 Ne8 11.cxd5 cxd5 12.Re1 Rc8 13.Qa4 a5 14.Bf1 Bc6 15.Qd1 b5
16.Bd3 b4 17.Nf1 Nb6 18.h4 h6 19.N3h2 Qd7 20.Qg4 Kh8 21.Bg5 f5 22.exf6 Bxf6
23.Bxf6 Rxf6 24.Nf3 Nd6 25.Ne5 Qe8 26.Nd2 Bb5 27.Rac1 Bxd3 28.Nxd3 Nbc4 29.Nxc4 Nxc4
30.Nc5 Rc6 31.Re2 h5 32.Qg5 Nd6 33.Rce1 Nb5 34.Qe5 Nc7 35.Nd3 Rf5 36.Qxf5 exf5
37.Rxe8+ Nxe8 38.Rxe8+  1-0

[Event "ch-Arab Open 2013"]
[Site "Abu Dhabi UAE"]
[Date "2013.12.12"]
[Round "6.10"]
[White "Khader,Sam"]
[Black "Hamam,Brahim"]
[Result "1-0"]
[WhiteElo "2378"]
[BlackElo "2077"]

1.d4 d5 2.c4 e6 3.Nf3 Nf6 4.g3 Be7 5.Bg2 O-O 6.O-O c6 7.Nc3 Nbd7 8.Qc2 Bb4
9.a3 Bxc3 10.Qxc3 Ne4 11.Qc2 f5 12.Ne1 Qf6 13.Qd3 Nd6 14.c5 Nb5 15.Nf3 e5
16.dxe5 Nxe5 17.Nxe5 Qxe5 18.Rd1 Qe7 19.b4 Re8 20.a4 Nc7 21.Bf4 Ne6 22.Bd6 Qf6
23.Rac1 Ng5 24.b5 Nf7 25.Bf4 Ne5 26.Qd4 Ng4 27.Qd2 Ne5 28.bxc6 bxc6 29.Bxd5+ cxd5
30.Qxd5+ Be6 31.Qxe5 Qxe5 32.Bxe5 Bb3 33.Rd3 Bxa4 34.f4 Bc6 35.Rd6 Rac8 36.Ra1 Re7
37.Ra5 Kf7 38.Kf2 Rb7 39.h3 h5 40.Bd4 Re7 41.Kf1 Rb7 42.Ke1 Re7 43.Kf2 Rb7
44.Bc3 Re7 45.Rd2 Rb8 46.Be5 Rb5 47.Ra6 Be4 48.c6 Rb6 49.c7 Bb7 50.Rxa7 Bc8
51.Rd8  1-0

[Event "SportAccord Rapid Women 2013"]
[Site "Beijing CHN"]
[Date "2013.12.13"]
[Round "5.3"]
[White "Paehtz,E"]
[Black "Kosintseva,T"]
[Result "0-1"]
[WhiteElo "2452"]
[BlackElo "2496"]

1.Nf3 d5 2.c4 e6 3.g3 Nf6 4.Bg2 Be7 5.d4 O-O 6.O-O dxc4 7.Qc2 a6 8.a4 Bd7
9.Qxc4 Bc6 10.Bf4 a5 11.Nc3 Na6 12.Rac1 Nb4 13.Rfe1 Bd6 14.Bg5 Bd5 15.Nxd5 exd5
16.Qb3 h6 17.Bf4 Bxf4 18.gxf4 c6 19.Ne5 Nd7 20.Rc3 Nxe5 21.fxe5 f6 22.Rg3 fxe5
23.dxe5 Qe7 24.Qc3 Rae8 25.e6 d4 26.Qd2 Qf6 27.Rd1 Qxf2+ 28.Kh1 d3 29.Re3 Qf6
30.Rf1 Qg5 31.Rxf8+ Rxf8 32.exd3 Nc2 33.Re2 Qxd2 34.Rxd2 Nd4 35.Bh3 Re8 36.Rf2 Nxe6
37.Re2 Kf7 38.Rf2+ Ke7 39.Rf5 b6 40.Bg2 Nd4 41.Rf4 c5 42.Rg4 g5 43.h4 Kf6
44.Be4 Ne6 45.Kh2 Nf4 46.b3 Rd8 47.Rg3 Rd4 48.Rf3 Ke5 49.hxg5 hxg5 50.Kg3 Rd8
51.Kg4 Kf6 52.Bc6 Rxd3 53.Rf1 Rxb3 54.Rd1 Rd3 55.Rb1 Rd4 56.Kf3 Rb4 57.Rd1 Ne6
58.Kg3 Nd4 59.Rf1+ Ke5 60.Re1+ Kd6 61.Be8 Nf5+ 62.Kf3 Rf4+ 63.Kg2 c4 64.Bb5 c3
65.Rc1 Ne3+ 66.Kg3 Nd5 67.Rd1 Kc5  0-1

[Event "5th Classic Open 2013"]
[Site "London ENG"]
[Date "2013.12.13"]
[Round "7.25"]
[White "Andersson,Tom"]
[Black "Bates,C"]
[Result "1/2-1/2"]
[WhiteElo "2370"]
[BlackElo "2167"]

1.d4 Nf6 2.c4 e6 3.g3 d5 4.Nf3 Be7 5.Bg2 O-O 6.O-O dxc4 7.Qa4 a6 8.Qxc4 b5
9.Qc2 Bb7 10.Bf4 Nd5 11.Bd2 Nd7 12.e4 Nb4 13.Bxb4 Bxb4 14.Rd1 Be7 15.Nc3 Nb6
16.Rac1 Rc8 17.d5 exd5 18.Nxd5 Nxd5 19.exd5 Qd6 20.Bh3 Rcd8 21.Qxc7 Bxd5
22.Qxd6 Rxd6 23.Bg2 Rfd8 24.b3 g6 25.Re1 Bf6 26.Rc2 b4 27.h4 Bc3 28.Rd1 Be4
29.Rxd6 Rxd6 30.Re2 Bd3 31.Re8+ Kg7 32.Bf1 Bb1 33.Bc4 Bxa2 34.Re7 Rf6 35.Kg2 h6
36.Ra7 Bb1 37.Rxa6 Be4 38.Rxf6 Kxf6 39.Be2 Bd5 40.Bd1 Kf5 41.Kf1 Ke4 42.Ke2 Be6
43.Bc2+ Kd5 44.Ke3 Bb2 45.Kd2 Bg4 46.Ke2 Bc1 47.Bd3 Kd6 48.Be4 Kc5 49.Kd3 Bxf3  1/2-1/2

[Event "Bundesliga 2013-14"]
[Site "Hockenheim GER"]
[Date "2013.12.14"]
[Round "5"]
[White "Kasimdzhanov,R"]
[Black "Rustemov,A"]
[Result "1/2-1/2"]
[WhiteElo "2699"]
[BlackElo "2538"]

1.c4 e6 2.g3 d5 3.Bg2 Nf6 4.Nf3 Be7 5.d4 O-O 6.Qc2 c6 7.O-O b6 8.Nbd2 Ba6
9.b3 Nbd7 10.e4 Rc8 11.Bb2 Nxe4 12.Nxe4 dxe4 13.Qxe4 Qc7 14.Rad1 Bb7 15.Qe3 Rfe8
16.Rfe1 h6 17.c5 Rcd8 18.b4 a5 19.a3 axb4 20.axb4 Nf6 21.Ne5 Nd5 22.Qb3 bxc5
23.bxc5 Ba6 24.Bc1 Bb5 25.h4 Bf8 26.Be4 Rb8 27.Qf3 Ba4 28.Nxf7 Bxd1 29.Rxd1 Bxc5
30.Nxh6+ gxh6 31.dxc5 Qg7 32.Bc2 Rf8 33.Qe2 e5 34.Re1 Rbe8 35.Bb2 Nf4 36.Qf1 Nd5
37.Re4 Rf4 38.Rxf4 Nxf4 39.Qa6 Rf8 40.Bb3+ Kh8 41.Kh1 Qf6 42.gxf4 Qxh4+ 43.Kg2 Rg8+
44.Bxg8 Qg4+ 45.Kh1 Qh3+ 46.Kg1 Qg4+ 47.Kh2 Qh4+ 48.Kg2  1/2-1/2

[Event "5th Classic Open 2013"]
[Site "London ENG"]
[Date "2013.12.15"]
[Round "9.32"]
[White "Bates,Ri"]
[Black "Bates,C"]
[Result "1-0"]
[WhiteElo "2338"]
[BlackElo "2167"]

1.d4 Nf6 2.c4 e6 3.g3 d5 4.Bg2 Be7 5.Nf3 O-O 6.O-O a6 7.Nc3 dxc4 8.Ne5 Nc6
9.Bxc6 bxc6 10.Nxc6 Qd6 11.Qa4 Bd7 12.Nxe7+ Qxe7 13.Qxc4 Nd5 14.Bd2 Rab8
15.b3 Bb5 16.Nxb5 axb5 17.Qd3 f5 18.Rac1 Ra8 19.Rc2 b4 20.Rfc1 Ra7 21.Be1 Rfa8
22.Ra1 Ra3 23.Qc4 g5 24.Qd3 Qf6 25.e4 fxe4 26.Qxe4 Rxb3 27.Rc6 Qf5 28.Qe2 Rba3
29.Rxe6 Rxa2 30.Re8+ Kf7 31.Qh5+  1-0

[Event "Pavlodar Open 2013"]
[Site "Pavlodar KAZ"]
[Date "2013.12.16"]
[Round "7.30"]
[White "Efanov,Mikhail"]
[Black "Viryasov,Aleksei"]
[Result "1-0"]
[WhiteElo "2091"]
[BlackElo "1648"]

1.d4 Nf6 2.Nf3 e6 3.c4 d5 4.g3 Be7 5.Bg2 O-O 6.O-O Nbd7 7.Qc2 c6 8.Nbd2 Re8
9.Rd1 Bf8 10.e4 dxe4 11.Nxe4 Nxe4 12.Qxe4 Nf6 13.Qc2 h6 14.Bf4 Bd6 15.Ne5 Qe7
16.a3 a5 17.Re1 Nd7 18.Rad1 Nxe5 19.dxe5 Bc7 20.Be4 Bd7 21.Qe2 Red8 22.Bc2 Qf8
23.h4 g6 24.Qe3 Kh7 25.h5 Be8 26.Kg2 Rxd1 27.Rxd1 f5 28.exf6 Bxf4 29.Qxf4 c5
30.f7 Bc6+ 31.f3 Qg7 32.hxg6+ Kh8 33.Rh1  1-0